| 000 | 00782cam a2200241 a 4500 | ||
|---|---|---|---|
| 999 |
_c4174 _d4174 |
||
| 001 | 13055895 | ||
| 003 | GZU | ||
| 005 | 20210315083141.0 | ||
| 008 | 030113s2001 sa a b 001 0 eng | ||
| 010 | _a 2003390057 | ||
| 020 | _a0409021725 | ||
| 040 |
_aDLC _cDLC _dDLC |
||
| 050 | 0 | 0 |
_aRA1171 _b.INT 2001 |
| 245 | 0 | 0 |
_aIntroduction to medico-legal practice / _ceditors, Mahomed A. Dada, David J. McQuoid-Mason. |
| 260 |
_aDurban : _bButterworths, _c2001. |
||
| 300 |
_axiii, 450 p. ; _bill. ; _c24 cm. |
||
| 504 | _aIncludes bibliographical references and index. | ||
| 650 | 0 | _aMedical jurisprudence. | |
| 700 | 1 |
_aDada, Mahomed A. _eeditor |
|
| 700 | 1 |
_aMcQuoid-Mason, David Jan. _eeditor |
|
| 906 |
_a7 _bcbc _corignew _d3 _encip _f20 _gy-gencatlg |
||
| 942 |
_2lcc _cBK _h1171 _iINT _kRA |
||